01227nam a2200289 a 4500001001000000003000900010005001700019007001000036008003100046020001800077040002200095082002700117100003200144245014000176260005400316300002700370440000600397490003500403500003900438504007400477534013300551651005100684651006200735700003300797710004400830710006300874000007137DO-SdBNP20240320135343.0000007137090717s2011 mx 001 0 spa d z9789681675554 aBPMSUbspacBPMSU 4a972.03bV217o 20112221 aVan Young, Eric Julian. d 13aLa otra rebelión : bla lucha por la independencia de México, 1810-1821 / cEric Van Young ; traducción de Rossana Reyes Vega.  aMéxico : bFondo de Cultura Económica ;c2011 a1007 p. ; c24 cm.b  x 0 aSección de obras de historia aIncluye bibliografía e índice. aIncluye referencias bibliográficas y notas al pie de las páginas  pTítulo original : tThe other rebellion. Popular violence, ideology, and the mexican struggle for indepedence, 1810-1821. a  4aIndígenas de México xHistoriaySiglo XIX  4aMéxico xHistoriay Guerra de independencia, 1810-1821 1 aReyes Vega, Rossana., etr.2 aFondo de Cultura Económica (México)2 aInstituto Nacional de Antropología e Historia (México)